| Tag |
First Indicator |
Second Indicator |
Subfields |
| LEADER |
00000cam a22000001a 4500 |
| 001 |
in00003316113 |
| 006 |
m d f |
| 007 |
cr bn mmmapmmp |
| 008 |
100513s1947 dcu o f000 0 eng d |
| 005 |
20260430203317.6 |
| 035 |
|
|
|a cis2007831948
|
| 040 |
|
|
|a LexisNexis
|c LexisNexis
|d UtOrBLW
|
| 043 |
|
|
|a n-us---
|
| 086 |
0 |
|
|a Y 4.Ar 5/2a :947-48/116
|
| 099 |
|
|
|a CMP-1947-ASH-0084
|
| 110 |
1 |
|
|a United States.
|b Congress.
|b House.
|b Committee on Armed Services.
|
| 245 |
1 |
0 |
|a To Authorize the Allowance of Leave Credit to Officers of the Army, Navy, Marine Corps, Coast Guard, and the Reserve Components Thereof, Who Were Denied Such Credit as the Result of Certain Changes in Their Status Between September 8, 1939, and August 9, 1946 (H.R. 3253). Mr. Andrews of New York.
|
| 264 |
|
1 |
|a [Place of publication not identified] :
|b [publisher not identified],
|c 1947.
|
| 300 |
|
|
|a 1 online resource.
|
| 336 |
|
|
|a text
|b txt
|2 rdacontent
|
| 337 |
|
|
|a computer
|b c
|2 rdamedia
|
| 338 |
|
|
|a online resource
|b cr
|2 rdacarrier
|
| 500 |
|
|
|a Record is based on bibliographic data in LexisNexis U.S. Congressional Research Digital Collection (last viewed May 2010). Reuse except for individual research requires license from LexisNexis.
|
| 500 |
|
|
|a Print.
|
| 500 |
|
|
|a Electronic resource.
|
| 610 |
1 |
0 |
|a United States.
|b Navy Department.
|
| 610 |
1 |
0 |
|a United States.
|b Marine Corps.
|
| 650 |
|
0 |
|a Navies.
|
| 655 |
|
7 |
|a Electronic books.
|2 local
|
| 710 |
2 |
|
|a ProQuest (Firm)
|
| 776 |
0 |
8 |
|i Microfiche version:
|a United States. Congress. House. Committee on Armed Services.
|t To Authorize the Allowance of Leave Credit to Officers of the Army, Navy, Marine Corps, Coast Guard, and the Reserve Components Thereof, Who Were Denied Such Credit as the Result of Certain Changes in Their Status Between September 8, 1939, and August 9, 1946 (H.R. 3253). Mr. Andrews of New York.
|o 80 H1172-0.116
|
| 830 |
|
0 |
|a U.S. Congressional Research.
|
| 856 |
4 |
0 |
|u http://proxy.library.tamu.edu/login?url=https://congressional.proquest.com/congcomp/getdoc?CRDC-ID=CMP-1947-ASH-0084
|z Connect to the full text of this electronic book
|t 0
|
| 999 |
|
|
|a MARS
|
| 999 |
f |
f |
|s 4226ebd3-05a3-31be-8d65-8dc331a7ff04
|i ac7d158c-e2ba-3352-84f0-3c1d173d623f
|t 0
|
| 952 |
f |
f |
|a Texas A&M University
|b College Station
|c Electronic Resources
|s www_evans
|d Available Online
|t 0
|e CMP-1947-ASH-0084
|h Other scheme
|
| 998 |
f |
f |
|a CMP-1947-ASH-0084
|t 0
|l Available Online
|